Law Relating Societies Registration (Record no. 27004)

MARC details
000 -LEADER
fixed length control field 00890nam a22002177a 4500
008 - FIXED-LENGTH DATA ELEMENTS--GENERAL INFORMATION
fixed length control field 090530t xxu||||| |||| 00| 0 eng d
010 ## - LCCN (DPL NO)
LC control number B-328869
020 ## - INTERNATIONAL STANDARD BOOK NUMBER
International Standard Book Number 9788175346000
Terms of availability 650-00
035 ## - SYSTEM CONTROL NUMBER
System control number B-328869
037 ## - SOURCE OF ACQUISITION
Stock number UBH
Source of stock number/acquisition RP/CL/E;15/20.05.09/25.05.09/28.05.09/29.05.09
040 ## - CATALOGING SOURCE
Original cataloging agency dpl
Language of cataloging Eng
082 ## - DEWEY DECIMAL CLASSIFICATION NUMBER
Classification number 346.54
100 ## - MAIN ENTRY--PERSONAL NAME
Personal name Parameswaran,S
245 ## - TITLE STATEMENT
Title Law Relating Societies Registration
Statement of responsibility, etc by/S.Parameswaran
260 ## - PUBLICATION, DISTRIBUTION, ETC. (IMPRINT)
Place of publication, distribution, etc Delhi
Name of publisher, distributor, etc Universal Law Publishing
Date of publication, distribution, etc 2007
270 ## - ADDRESS
Address C-ff IA Dilkhush Industrial Estate G.T Karnal Road
City Delhi
Postal code 110033
Telephone number 27215334
300 ## - PHYSICAL DESCRIPTION
Extent xxxi,725pg
Dimensions 24cm
942 ## - ADDED ENTRY ELEMENTS (KOHA)
Source of classification or shelving scheme Dewey Decimal Classification
Item type English Books
Classification part 346.54
Call number suffix PAR
Holdings
Withdrawn status Lost status Source of classification or shelving scheme Damaged status Not for loan Home library Current library Date acquired Source of acquisition Cost, normal purchase price Total Checkouts Full call number Barcode Date last seen Copy number Cost, replacement price Koha item type
    Dewey Decimal Classification     Central Library Central Library 30/05/2009 RP/CL 650.00   346.54 PAR B-328869 30/05/2009 1 650.00 English Books

© Delhi Public Library
Hit Counter
free hit counter